Global Business Today, (Record no. 5234)

MARC details
005 - DATE AND TIME OF LATEST TRANSACTION
control field 20250626080606.0
020 ## - INTERNATIONAL STANDARD BOOK NUMBER
International Standard Book Number 0-07-232055-9
082 ## - DEWEY DECIMAL CLASSIFICATION NUMBER
Classification number 658.049 HIL
100 ## - MAIN ENTRY--PERSONAL NAME
Author name HILL, C.W.L.
245 ## - TITLE STATEMENT
Title Global Business Today,
250 ## - EDITION STATEMENT
Edition statement 2nd Ed.
260 ## - PUBLICATION, DISTRIBUTION, ETC.
Place of publication, distribution, etc. New York,
Name of publisher, distributor, etc. McGraw-Hill Irwin,
Date of publication, distribution, etc. 2001.
300 ## - PHYSICAL DESCRIPTION
Extent xxiv,; 530p: ill,; figure,picture,
Other physical details Glossary & Index,
Dimensions 25cm.
942 ## - ADDED ENTRY ELEMENTS (KOHA)
Source of classification or shelving scheme Dewey Decimal Classification
Koha item type Books
Holdings
Date last seen Total checkouts Full call number Barcode Cost, replacement price Price effective from Koha item type Lost status Source of classification or shelving scheme Damaged status Not for loan Withdrawn status Home library Current library Shelving location Date acquired Cost, normal purchase price
06/26/2025   658.049 HIL DOM0002231 135000.00 06/26/2025 Books   Dewey Decimal Classification       CBE Dodoma CBE Dodoma General Collection 06/26/2003 45000.00
06/26/2025   658.049 HIL DOM0002230 135000.00 06/26/2025 Books   Dewey Decimal Classification       CBE Dodoma CBE Dodoma General Collection 06/26/2003 45000.00
06/27/2025   658.049 HIL DOM0002044 135000.00 06/27/2025 Books   Dewey Decimal Classification       CBE Dodoma CBE Dodoma General Collection 06/26/2003 45000.00